LEADER 01234nam a2200277 i 4500 001 000000168303 003 CaOOAMICUS 005 20080107000000.0 008 080107s2007 gw u000 u ger u 013 $a145705 020 $a978-3-451-02224-1 040 $aSeMil$bita 245 10$aGottesrede in Postsäkularer Kultur /$cunter Mitwirkung von Margit Eckholt ... [et al.] ; hrsg. von Peter Walter. 260 $aFreiburg ; Basel ; Wien :$bHerder,$c2007. 300 $a221 p. ;$c22 cm. 490 0 $aQuaestiones disputatae ;$v224 650 4$aSecolarizzazione.$0(OLS)http://semarc/subject/8660 700 1 $aWalter, Peter <1950- >.$0(OLS)http://semarc/name/9207 700 1 $aEckholt, Margit,$d<1960- >.$0(OLS)http://semarc/name/63211 830 0$aQuaestiones disputatae ;$v224.$0(OLS)http://semarc/title/436628 850 $aSeMil 852 $aSeMil$W1$xVenegono$y1$m2M I 576$j119390$B119390$CSeMilBibl$Z2$F130259 $81 961 $aSottoscrizione: Herder 996 $6020$a978-3-451-02224-1$9(OLS)http://semarc/number/155058 996 $6245$aGottesrede in Postsäkularer Kultur$9(OLS)http://semarc/title/240794 996 $6260$aFreiburg ; Basel ; Wien :$bHerder$9(OLS)http://semarc/publisher/29643 LEADER 01325nam a2200313 i 4500 001 000000331965 003 CaOOAMICUS 005 20190110140812.0 008 190110s2015 it u000 u mul u 013 $a233187 020 $a978-88-452-7879-2 040 $aSeMil$bita 041 1 $aita$ager 100 1 $aJaspers, Karl,$d<1883-1969>.$0(OLS)http://semarc/name/9270 240 10$aVon der Wahrheit.$0(OLS)http://semarc/title/420677 245 10$aDella verità :$blogica filosofica /$cKarl Jaspers ; saggio introduttivo, traduzione e note di Diego D'Angelo. 260 $aMilano :$bBompiani,$c2015. 300 $aLXVI, 2218 p. ;$c22 cm 490 0 $aIl pensiero occidentale 500 $aTesto tedesco a fronte 650 4$aVerità - Filosofia.$0(OLS)http://semarc/subject/3000 700 1 $aD'Angelo, Diego,$ecuratore.$0(OLS)http://semarc/name/108831 830 0$aBompiani Il pensiero occidentale.$0(OLS)http://semarc/title/10111 850 $aSeMil 852 $aSeMil$W1$xVenegono$y1$m2OA IV 415$j209952$B223888$CSeMilBibl$Z2$F223888 $81 996 $6020$a978-88-452-7879-2$9(OLS)http://semarc/number/286136 996 $6245$aDella verità :$blogica filosofica$9(OLS)http://semarc/title/420676 996 $6260$aMilano :$bBompiani$9(OLS)http://semarc/publisher/29706